Comparison of using fertilizer on IR66 rice variety in the dry season in kandal province,(ការប្រៀបធៀបការប្រើប្រាស់ជីទៅលើពូជស្រូវអ៊ីអ៊ែរ​៦៦ក្នុងលក្ខខណ្ឋរដូវប្រាំងនៅក្នុងខេត្តកណ្ដាល) (Record no. 1009)

000 -LEADER
fixed length control field 00712nam a22001577a 4500
003 - CONTROL NUMBER IDENTIFIER
control field OSt
005 - DATE AND TIME OF LATEST TRANSACTION
control field 20150921170243.0
008 - FIXED-LENGTH DATA ELEMENTS--GENERAL INFORMATION
fixed length control field 150921b xxu||||| |||| 00| 0 eng d
040 ## - CATALOGING SOURCE
Transcribing agency RUA
082 ## - DEWEY DECIMAL CLASSIFICATION NUMBER
Classification number AGR CHH 2008 B035 Or.1
100 ## - MAIN ENTRY--PERSONAL NAME
9 (RLIN) 1050
Personal name CHHOUN MONORUM
245 ## - TITLE STATEMENT
Title Comparison of using fertilizer on IR66 rice variety in the dry season in kandal province,(ការប្រៀបធៀបការប្រើប្រាស់ជីទៅលើពូជស្រូវអ៊ីអ៊ែរ​៦៦ក្នុងលក្ខខណ្ឋរដូវប្រាំងនៅក្នុងខេត្តកណ្ដាល)
260 ## - PUBLICATION, DISTRIBUTION, ETC. (IMPRINT)
Place of publication, distribution, etc. phnom penh
Name of publisher, distributor, etc. RUA
Date of publication, distribution, etc. 2008
300 ## - PHYSICAL DESCRIPTION
Extent xi,49p.
942 ## - ADDED ENTRY ELEMENTS (KOHA)
Source of classification or shelving scheme
Koha item type AGR
Holdings
Price effective from Date last seen Permanent Location Not for loan Date acquired Source of classification or shelving scheme Koha item type Lost status Withdrawn status Date last checked out Total Checkouts Shelving location Damaged status Barcode Current Location Full call number
2015-09-212021-12-13Library Block B 2015-09-21 AGR  2021-12-081B035 RUA008517Library Block BAGR CHH 2008 B035 Or.1
មជ្ឈមណ្ឌលឯការនៃសាកលវិទ្យាល័យភូមិន្ទកសិកម្មចំការដូង

Powered by Koha